Größte Länder im Jahr 1700 - Statistiken

Allgemein
  • Dieses Quiz wurde 253 mal gespielt
  • Das Durchschnittsergebnis liegt bei 11 aus 15
Antwortstatistiken
Bevölkerung Großes Land im Jahre 1600 % Korrekt
210 715 000 Qing-Dynastie
95%
21 000 000 Domänen der französischen Krone
93%
14 000 000 Zarentum Russland
92%
55 000 000 Spanisches Reich
91%
? Britisches Reich
86%
2 300 000 Portugiesisches Reich
82%
24 779 000 Osmanisches Reich
81%
5 300 000 Habsburgermonarchie / Österreich - Ungarn
77%
145 000 000 Mogulreich
77%
28 000 000 Tokugawa shogunat
77%
9 000 000 Polnisch-litauische Union
60%
16 000 000 Heilige Römisches Reich
56%
1 794 000 Niederländische Republik
54%
2 000 000 Herzogtum Preußen
49%
5 500 000 Joseon
31%
Keine übereinstimmenden Quizze gefunden
Verteilung der Resultate
Anzahl Personen mit jedem Resultat
Perzentil nach korrekt beantworteten Fragen
Ihre Resultats-Entwicklung
Sie haben dieses Quiz noch nicht gespielt